000 00596nam a2200169 i 4500
001 146059
003 ES-MaACL
005 20250930063125.0
007 t|
008 071018s1946 sp ||||1| spa d
100 1 _aFernández de la Vega, Jimena,
_d1895-1984
_9113631
245 1 0 _aHidrología y materia biológica
_b: lecciones adaptadas al programa de las oposiciones a médicos hidrólogos /
_cJimena F. de la Vega y Lombán.
260 _aMadrid :
_b[s.n.],
_c1946 (
_fImp. Juan Bravo)
300 _aXX, 278 p. ;
_c22 cm.
852 _aES-MaACL
_jE-3572
999 _c146059
_d146059